| 000 | 00979cam a22003377a 4500 | ||
|---|---|---|---|
| 003 | CHAP | ||
| 005 | 20220817043120.0 | ||
| 008 | 971013s1987 r 00010 d | ||
| 010 | _a66155 | ||
| 011 | _a67127 | ||
| 035 | _a76596 | ||
| 040 | _cCHAP | ||
| 082 |
_a639.2 _bF3f v.264 |
||
| 110 | _aFAO | ||
| 245 | 0 | _aCréation et gestion de centres communautaires des peches | |
| 260 |
_aRome : _bFAO, _c1987 |
||
| 300 |
_a69 p. _b: ilus. |
||
| 410 | _aFAO | ||
| 490 | 0 |
_aDocumento técnico de pesca _v; 264 |
|
| 590 |
_aBATCH-UPD _b10 _c20130110 _lUCH01 _h0941 |
||
| 590 |
_aBATCH-UPD _b10 _c20130410 _lUCH01 _h0557 |
||
| 590 |
_aBATCH-UPD _b10 _c20130914 _lUCH01 _h1213 |
||
| 590 |
_aCONVERSION _b10 _c20130109 _lUCH01 _h1336 |
||
| 650 | 1 | 4 |
_aPesca cooperativa. _987435 |
| 650 | 1 | 4 |
_aPescadores. _987474 |
| 810 | 0 | _aFAO | |
| 830 | 0 | 0 |
_aDocumento técnico de pesca _v; 264 _933242 |
| 901 | _aBK | ||
| 942 | _cLIBRO | ||
| 949 |
_a639.2 F3f v.264 _bBC _cFAO _d-29451 _eFAO1 _i76596 _si |
||
| 999 |
_c66155 _d66155 |
||